01816 a2200241 450000500170000000800410001704000680005804100080012604100080013424500480014226000680019030000450025850005400030350803210084351101870116454600720135165000250142365000180144870000230146671000230148971000280151271000340154020140904101715.0140317s2006 xxu g 0 m mul d aCO-BoUCMbspacJose A. Gerena (modificó)dAldemar Mondragón aeng afre00aFailure to launchcTom Dey, directorh[DVD] aHollywood (Los Ángeles, california)bParamount Picturesc2006 a1 DVD, 96 minutosbimagen, sonido, color aSINOPSIS: A los 35 años, Tripp tiene un trabajo interesante, un buen coche, pasión por navegar, y una gran casa – el problema es que vive con sus padres. Ellos lo quieren fuera, así que contratan a Paula, una "intervencionista", que tiene una fórmula en estos casos: encuentro casual, conseguir que la invite a salir, involucrarlo en un trauma, obtener el visto bueno de sus amigos, postergar las relaciones sexuales, haberle enseñado algo, y entonces terminar con él. Ha funcionado hasta ahora, pero esto se complica… aCRÉDITOS: Dirigida por Tom Dey ; escrita por Tom J. Astle y Matt Ember ; producida por Ronald M. Bozman ; música por Rolfe Kent ; fotografía por Claudio Miranda ; diseño de producción por Jeremy Conway ; dirección de arte por Kevin Constant ; ambientación por Cindy Carr ; vestuario por Ellen Mirojnick aREPARTO: Matthew McConaughey, Sarah Jessica Parker, Zooey Deschanel, Justin Bartha, Bradley Cooper, Terry Bradshaw, Kathy Bates, Tyrel Jackson Williams, Katheryn Winnick, Rob Corddry aAudio en inglés y francés. Subtítulos en inglés y español 7aAmor en el cinevDVD 7aNoviazgovDVD1 aDey, Tomedirector2 aParamount Pictures2 aScott Rudin Productions2 aFailure to Launch Productions